00318 a2200133 450000100060000002000150000604000370002110000220005824000290008024500240010930000110013336200090014465000310015371748 a8526705644 cAnchieta - Colégio São Paulo aLópez, Francesc10aA ratinha orgulhosalpor10aA ratinha orgulhosa a[12p.]0 a1993 4aLiteratura infanto-juvenil